[Event "Manny Pacquiao op"]
[Site "General Santos City"]
[Date "2022.12.14"]
[Round "4"]
[White "Young, Angelo"]
[Black "Borigas, Edgardo"]
[Result "1-0"]
[WhiteElo "2286"]
[BlackElo "1734"]
[PlyCount "113"]
[EventDate "2022.12.13"]
[EventType "swiss"]
[EventRounds "9"]
[EventCountry "PHI"]
[SourceTitle "EXT 2024"]
[Source "ChessBase"]
[SourceDate "2023.10.10"]
[SourceVersion "1"]
[SourceVersionDate "2023.10.10"]
[SourceQuality "1"]

1. d4 d5 2. c4 c6 3. Nf3 Nf6 4. Nbd2 g6 5. g3 Bg7 6. Bg2 0-0 7. 0-0 Re8 8. b3 Nbd7 9. Bb2 Nf8 10. e3 Bf5 11. Re1 Ne4 12. Nh4 e6 13. h3 g5 14. Nhf3 h6 15. a3 Nd7 16. Rc1 Bg6 17. b4 f5 18. Qb3 g4 19. Nh4 Nxd2 20. Qc2 Nxc4 21. Nxg6 Qg5 22. Nf4 gxh3 23. Nxh3 Qe7 24. Nf4 Qf7 25. Bf3 Nf6 26. Kg2 Ng4 27. a4 e5 28. dxe5 Nxb2 29. Qxb2 Bxe5 30. Qc2 Bxf4 31. exf4 Re6 32. b5 Rae8 33. Rxe6 Rxe6 34. Qc5 a6 35. bxa6 bxa6 36. Qb6 Qd7 37. Qxa6 Nf6 38. Qa8+ Kg7 39. a5 Ne4 40. a6 Re8 41. Qxc6 Qxc6 42. Rxc6 Ra8 43. g4 Kh7 44. Bxe4 fxe4 45. Rd6 d4 46. Rxd4 Rxa6 47. Rxe4 Kg6 48. Kg3 Kf6 49. f3 Ra5 50. Rb4 Ra6 51. Rb5 Rc6 52. Kh4 Rc4 53. Rb6+ Kg7 54. f5 Rc3 55. Rb7+ Kg8 56. Kh5 Rc6 57. Re7 1-0

[Event "Hong Kong Jolimark op"]
[Site "Hong Kong"]
[Date "2017.12.23"]
[Round "2"]
[White "Causo, Deniel"]
[Black "Borigas, Edgardo"]
[Result "1-0"]
[WhiteElo "2279"]
[BlackElo "1755"]
[PlyCount "61"]
[EventDate "2017.12.23"]
[EventType "swiss"]
[EventRounds "9"]
[EventCountry "HKG"]
[SourceTitle "CBM 182 Extra"]
[Source "ChessBase"]
[SourceDate "2018.02.23"]
[SourceVersion "1"]
[SourceVersionDate "2018.02.23"]
[SourceQuality "1"]

1. e4 c5 2. c3 e6 3. d4 d5 4. exd5 Qxd5 5. Nf3 cxd4 6. cxd4 Nf6 7. Nc3 Bb4 8. Bd3 0-0 9. 0-0 Qd8 10. Qe2 Nc6 11. Rd1 a6 12. Bg5 Be7 13. Rac1 Nb4 14. Bb1 Nbd5 15. Ne5 Bd7 16. Qd3 g6 17. Bh6 Re8 18. Qf3 Bf8 19. Nxd5 exd5 20. Bg5 Be7 21. Bxf6 Bxf6 22. Nxd7 Bg5 23. Ne5 Bxc1 24. Qxf7+ Kh8 25. Rxc1 Rf8 26. Bxg6 Qh4 27. g3 Qh6 28. Rc7 Rxf7 29. Nxf7+ Kg7 30. Nxh6+ Kxg6 31. Nf7 1-0

[Event "Hong Kong-ch prel"]
[Site "Hong Kong"]
[Date "2017.02.13"]
[Round "5"]
[White "Borigas, Edgardo"]
[Black "Oh, Benjamin Yao Teng"]
[Result "0-1"]
[WhiteElo "1836"]
[BlackElo "1808"]
[PlyCount "162"]
[EventDate "2017.01.09"]
[EventType "swiss"]
[EventRounds "11"]
[EventCountry "HKG"]
[SourceTitle "EXT 2018"]
[Source "ChessBase"]
[SourceDate "2017.10.13"]
[SourceVersion "1"]
[SourceVersionDate "2017.10.13"]
[SourceQuality "1"]

1. d4 Nf6 2. Bf4 g6 3. e3 Bg7 4. Nf3 0-0 5. Be2 d6 6. h3 Nc6 7. 0-0 Nd7 8. c3 e5 9. Bh2 Kh8 10. Nbd2 f5 11. dxe5 Ndxe5 12. Nd4 Qe7 13. N2f3 Bd7 14. Qd2 Rad8 15. Rfd1 Be8 16. Rac1 Bf7 17. b3 Bg8 18. Bb5 Nxf3+ 19. Nxf3 Ne5 20. Be2 Rfe8 21. c4 Nd7 22. Qa5 Nc5 23. Nd4 Ne4 24. Bf3 Nxf2 25. Nxf5 Nxh3+ 26. gxh3 Qg5+ 27. Kh1 b6 28. Qxa7 Qxf5 29. Bg2 Qf7 30. Rf1 Qe7 31. Rcd1 Be6 32. Qb7 Bc8 33. Qc6 Bf5 34. e4 Be6 35. Rf3 Qd7 36. Qxd7 Rxd7 37. Rfd3 Rf7 38. Bg3 Bc8 39. Re1 Be5 40. Kh2 Kg7 41. Rd5 Bxg3+ 42. Kxg3 Rfe7 43. Rd3 Re5 44. Rd5 Bb7 45. Rxe5 Rxe5 46. h4 Bc8 47. Bh3 Bb7 48. Bg2 Kf6 49. Kf4 Ra5 50. a4 Rh5 51. Rh1 h6 52. Kg3 Re5 53. Rf1+ Ke7 54. Rc1 Ba6 55. Kf4 Bc8 56. Bf3 Bd7 57. Rg1 Be8 58. Rg2 Kd8 59. Ra2 Kc8 60. b4 Kb7 61. Ke3 Bf7 62. Kd4 Ka7 63. Ra1 Kb8 64. b5 Rc5 65. Be2 Re5 66. Rf1 Re7 67. Bg4 Kb7 68. Be2 Kc8 69. Bg4+ Kd8 70. Be2 Ke8 71. Ra1 Kd7 72. a5 bxa5 73. Rxa5 Ke6 74. Ra7 Kf6 75. Bd3 c5+ 76. bxc6 Rxa7 77. c5 Ke7 78. e5 dxe5+ 79. Kxe5 Rc7 80. Be4 Be8 81. Kd4 Kf6 0-1

[Event "Hong Kong-ch prel"]
[Site "Hong Kong"]
[Date "2017.01.23"]
[Round "3"]
[White "Borigas, Edgardo"]
[Black "Kadam, Aaditya Vivek"]
[Result "1-0"]
[WhiteElo "1836"]
[BlackElo "1234"]
[PlyCount "135"]
[EventDate "2017.01.09"]
[EventType "swiss"]
[EventRounds "11"]
[EventCountry "HKG"]
[SourceTitle "EXT 2018"]
[Source "ChessBase"]
[SourceDate "2017.10.13"]
[SourceVersion "1"]
[SourceVersionDate "2017.10.13"]
[SourceQuality "1"]

1. d4 Nf6 2. Nf3 g6 3. Bf4 Bg7 4. e3 0-0 5. h3 d6 6. Be2 Nbd7 7. 0-0 c5 8. c3 Nh5 9. Bh2 Nb6 10. Nbd2 cxd4 11. cxd4 Be6 12. Ng5 Qd7 13. Bxh5 gxh5 14. Qxh5 Bf5 15. Qe2 h6 16. Ngf3 Rac8 17. e4 Bg6 18. Rfc1 Rxc1+ 19. Rxc1 Rc8 20. Qd1 Rxc1 21. Qxc1 Qa4 22. e5 dxe5 23. Bxe5 Qxa2 24. b3 Qc2 25. Qa3 Bxe5 26. dxe5 Nc8 27. Qb4 Qc7 28. Qf4 Kg7 29. g4 Nb6 30. Qd4 Kh7 31. Nh4 Qd7 32. Qxd7 Nxd7 33. Nxg6 fxg6 34. f4 Kg7 35. Kf2 Kf7 36. Ne4 b6 37. Ke3 Ke6 38. Kd4 h5 39. gxh5 gxh5 40. Ng3 h4 41. f5+ Kf7 42. e6+ Ke8 43. exd7+ Kxd7 44. Ne4 Kc6 45. Ke5 Kd7 46. Kd5 a6 47. Ng5 a5 48. Nf3 b5 49. Ne5+ Ke8 50. Kc5 a4 51. Kb4 axb3 52. Kxb3 Kf8 53. Kb4 Kg7 54. Ng4 Kf7 55. Kxb5 e6 56. f6 e5 57. Kc4 Ke6 58. Kd3 Kf7 59. Ke3 Ke6 60. Ke4 Kf7 61. Kxe5 Kf8 62. Ke6 Ke8 63. Ne5 Kf8 64. f7 Kg7 65. Ke7 Kh6 66. f8Q+ Kh7 67. Qf7+ Kh6 68. Qg6# 1-0

[Event "Hong Kong Jolimark op"]
[Site "Hong Kong"]
[Date "2016.12.27"]
[Round "3"]
[White "Ang, Jing Xuan"]
[Black "Borigas, Edgardo"]
[Result "1-0"]
[WhiteElo "1599"]
[BlackElo "1888"]
[PlyCount "81"]
[EventDate "2016.12.26"]
[EventType "swiss"]
[EventRounds "9"]
[EventCountry "HKG"]
[SourceTitle "CBM 176 Extra"]
[Source "ChessBase"]
[SourceDate "2017.03.02"]
[SourceVersion "1"]
[SourceVersionDate "2017.03.02"]
[SourceQuality "1"]

1. e4 c6 2. d4 d5 3. Nc3 e6 4. e5 c5 5. Nf3 Nc6 6. Bb5 Bd7 7. Be3 cxd4 8. Bxd4 Nxd4 9. Bxd7+ Qxd7 10. Nxd4 Bc5 11. Qd2 Ne7 12. g4 Rc8 13. Nb3 Bb4 14. h4 Qc7 15. f4 Bxc3 16. bxc3 Qxc3 17. 0-0-0 0-0 18. Qxc3 Rxc3 19. Kb2 Rfc8 20. Nd4 Ng6 21. f5 Nxe5 22. fxe6 fxe6 23. g5 Nf3 24. Rh3 e5 25. Nxf3 e4 26. Ng1 Rxc2+ 27. Kb1 d4 28. Rb3 b6 29. Rb4 d3 30. Rxe4 Rg2 31. Rf1 h6 32. gxh6 Rcc2 33. Ra4 a5 34. Rd1 Rb2+ 35. Ka1 Rbf2 36. Nh3 Rf3 37. Ng5 Rfg3 38. h7+ Kh8 39. Rf4 Rxg5 40. hxg5 Rxg5 41. Rh1 1-0

[Event "Hong Kong-ch prel"]
[Site "Hong Kong"]
[Date "2016.02.01"]
[Round "5"]
[White "Borigas, Edgardo"]
[Black "Au, Matthew"]
[Result "1-0"]
[WhiteElo "1908"]
[BlackElo "1618"]
[PlyCount "42"]
[EventDate "2016.01.04"]
[EventType "swiss"]
[EventRounds "11"]
[EventCountry "HKG"]
[SourceTitle "EXT 2017"]
[Source "ChessBase"]
[SourceDate "2016.10.25"]
[SourceVersion "1"]
[SourceVersionDate "2016.10.25"]
[SourceQuality "1"]

1. d4 e6 2. Nf3 c6 3. Bf4 Bb4+ 4. c3 Ba5 5. e3 Ne7 6. Nbd2 d6 7. Be2 Bc7 8. e4 Ng6 9. Bg3 0-0 10. h4 h6 11. Qc2 Nd7 12. Rd1 f5 13. h5 f4 14. Bh4 Nxh4 15. Nxh4 e5 16. Ng6 Rf6 17. Nf3 Qe8 18. Nfh4 Nf8 19. dxe5 dxe5 20. Qb3+ Kh7 21. Bc4 b5 1-0

[Event "Hong Kong-ch prel"]
[Site "Hong Kong"]
[Date "2016.01.25"]
[Round "4"]
[White "Chan, Lok Yee Lewis"]
[Black "Borigas, Edgardo"]
[Result "1-0"]
[WhiteElo "1793"]
[BlackElo "1908"]
[PlyCount "91"]
[EventDate "2016.01.04"]
[EventType "swiss"]
[EventRounds "11"]
[EventCountry "HKG"]
[SourceTitle "EXT 2017"]
[Source "ChessBase"]
[SourceDate "2016.10.25"]
[SourceVersion "1"]
[SourceVersionDate "2016.10.25"]
[SourceQuality "1"]

1. d4 d5 2. c4 c6 3. Nf3 Nf6 4. Nc3 dxc4 5. a4 Bf5 6. e3 e6 7. Bxc4 Bb4 8. 0-0 Nbd7 9. Nh4 Bg4 10. f3 Bh5 11. g4 Nd5 12. Ng2 Bg6 13. e4 Nxc3 14. bxc3 Bxc3 15. Ra3 Bb4 16. h4 h5 17. g5 c5 18. Nf4 Nb6 19. Bb5+ Ke7 20. a5 Nd7 21. Rb3 Bxa5 22. Nxg6+ fxg6 23. e5 Bb6 24. Qc2 Kf7 25. Bc4 Re8 26. d5 Nxe5 27. dxe6+ Kf8 28. Rd1 Qe7 29. Bd5 c4+ 30. Rxb6 axb6 31. Qe4 Nd3 32. Be3 Nb4 33. Bxc4 Rec8 34. Rd7 Nc6 35. Rxe7 Nxe7 36. Qf4+ Nf5 37. e7+ Kxe7 38. Qe5+ Kf8 39. Bb5 Nxe3 40. Qxe3 Kg8 41. Qe6+ Kh8 42. Qxg6 Ra2 43. Qxh5+ Kg8 44. Bf1 Ra1 45. g6 Rcc1 46. Qd5+ 1-0

[Event "Hong Kong op"]
[Site "Hong Kong"]
[Date "2015.10.04"]
[Round "8"]
[White "Ching, Yin Kay Mason"]
[Black "Borigas, Edgardo"]
[Result "0-1"]
[WhiteElo "1614"]
[BlackElo "1908"]
[PlyCount "78"]
[EventDate "2015.10.01"]
[EventType "swiss"]
[EventRounds "9"]
[EventCountry "HKG"]
[SourceTitle "CBM 168 Extra"]
[Source "ChessBase"]
[SourceDate "2015.10.29"]
[SourceVersion "1"]
[SourceVersionDate "2015.10.29"]
[SourceQuality "1"]

1. e4 e6 2. d4 d5 3. Nd2 Nf6 4. e5 Nfd7 5. Bd3 c5 6. c3 Nc6 7. Ne2 Qb6 8. Nf3 f6 9. exf6 Nxf6 10. 0-0 Bd6 11. b3 0-0 12. Ng3 e5 13. dxe5 Nxe5 14. Nxe5 Bxe5 15. Bb2 Bg4 16. Qc2 Rae8 17. a4 Qc7 18. a5 h5 19. Nf5 Bxh2+ 20. Kh1 Bf4 21. Nh4 Ne4 22. Bxe4 dxe4 23. Ng6 Rf6 24. Nxf4 Qxf4 25. Bc1 Qd6 26. Be3 Qc6 27. c4 Rd6 28. b4 b6 29. axb6 axb6 30. b5 Qb7 31. Ra6 Rd3 32. Rfa1 Red8 33. Bf4 Qe7 34. Bg3 h4 35. Bf4 h3 36. Ra8 hxg2+ 37. Kxg2 Bf3+ 38. Kg1 Qh4 39. Rxd8+ Rxd8 0-1

[Event "Hong Kong op"]
[Site "Hong Kong"]
[Date "2015.10.03"]
[Round "5"]
[White "Borigas, Edgardo"]
[Black "Vijayalakshmi, Subbaraman"]
[Result "0-1"]
[WhiteElo "1908"]
[BlackElo "2360"]
[PlyCount "82"]
[EventDate "2015.10.01"]
[EventType "swiss"]
[EventRounds "9"]
[EventCountry "HKG"]
[SourceTitle "CBM 168 Extra"]
[Source "ChessBase"]
[SourceDate "2015.10.29"]
[SourceVersion "1"]
[SourceVersionDate "2015.10.29"]
[SourceQuality "1"]

1. d4 Nf6 2. Nf3 g6 3. Bf4 Bg7 4. h3 0-0 5. e3 b6 6. Be2 Bb7 7. 0-0 c5 8. Nbd2 Nc6 9. c3 d6 10. Re1 Re8 11. Bb5 a6 12. Ba4 b5 13. Bc2 e5 14. dxe5 dxe5 15. Bg5 h6 16. Bxf6 Bxf6 17. Ne4 Be7 18. Qe2 f5 19. Red1 Qc7 20. Ng3 e4 21. Nd2 Ne5 22. a4 c4 23. b4 Nd3 24. Qf1 Bh4 25. Nh1 Rad8 26. Qe2 Bf6 27. Ra3 Nb2 28. Rb1 Nd3 29. axb5 axb5 30. Rba1 Qg7 31. Nb1 Nxb4 32. Ra7 Re7 33. Ng3 Red7 34. R1a3 Nc6 35. f3 exf3 36. gxf3 Nxa7 37. Rxa7 Bh4 38. Nf1 Bxf3 39. Rxd7 Bxe2 40. Rxg7+ Kxg7 41. Na3 Ra8 0-1

[Event "Hong Kong op"]
[Site "Hong Kong"]
[Date "2014.10.03"]
[Round "6"]
[White "Wong, Linda Jane"]
[Black "Borigas, Edgardo"]
[Result "0-1"]
[WhiteElo "1354"]
[BlackElo "1895"]
[PlyCount "94"]
[EventDate "2014.10.01"]
[EventType "swiss"]
[EventRounds "9"]
[EventCountry "HKG"]
[SourceTitle "CBM 162 Extra"]
[Source "ChessBase"]
[SourceDate "2014.10.17"]
[SourceVersion "1"]
[SourceVersionDate "2014.10.17"]
[SourceQuality "1"]

1. e4 e6 2. d4 d5 3. e5 c5 4. c3 Nc6 5. Nf3 Bd7 6. Be2 Rc8 7. 0-0 Qb6 8. Na3 a6 9. dxc5 Bxc5 10. Nc2 f6 11. exf6 Nxf6 12. Rb1 0-0 13. Be3 Ng4 14. Bxc5 Qxc5 15. Bd3 e5 16. b4 Qd6 17. Ne3 Nxe3 18. fxe3 Qh6 19. Bxh7+ Kxh7 20. Qxd5 Qxe3+ 21. Kh1 Bg4 22. Rbe1 Bxf3 23. gxf3 Qxc3 24. Re4 Rf4 25. Rxf4 exf4 26. Qf5+ Kh6 27. Qxc8 Qxb4 28. Rg1 Kh7 29. Qf5+ Kg8 30. Qe6+ Kf8 31. Re1 Ne7 32. Qe4 Qd6 33. Qxb7 g6 34. Qa8+ Kf7 35. Qe4 Nf5 36. Qe8+ Kf6 37. Qh8+ Kf7 38. Qh7+ Kf6 39. Qg8 Ne3 40. Rg1 Qd3 41. Qf8+ Ke5 42. Qe7+ Kd4 43. Qe4+ Qxe4 44. fxe4 Kxe4 45. Rxg6 f3 46. h4 f2 47. Re6+ Kf5 0-1